Top 10 Portuguese Football Transfer Records - Statistics

General Stats
  • This quiz has been taken 209 times
    163 since last reset
  • The average score is 9 of 10
Answer Stats
Rank Name Joined Left Season Fee % Correct
2 Cristiano Ronaldo Juventus FC Real Madrid 18/19 €117.00m
100%
3 Cristiano Ronaldo Real Madrid Manchester United 09/10 €94.00m
100%
1 João Félix Atlético de Madrid SL Benfica 19/20 €127.20m
97%
6 Bruno Fernandes Manchester United Sporting CP 19/20 €65.00m
92%
4 Rúben Dias Manchester City SL Benfica 20/21 €71.60m
92%
7 Joaõ Cancelo Manchester City Juventus FC 19/20 €65.00m
89%
9 Pedro Neto Chelsea FC Wolverhampton Wanderers 24/25 €60.00m
80%
8 Matheus Nunes Manchester City Wolverhampton Wanderers 23/24 €62.00m
78%
5 Gonçalo Ramos Paris Saint-Germain SL Benfica 23/24 €65.00m
76%
10 Otávio Al-Nassr FC FC Porto 23/24 €60.00m
61%
No matching quizzes found
Score Distribution
Percent of People with Each Score
Percentile by Number Answered
Your Score History
You have not taken this quiz since the last reset